000 00263nam a2200121Ia 4500
008 190216s9999||||xx |||||||||||||| ||und||
100 _aMuhammed K T
245 0 _aSrishti
260 _bCurrent Books
300 _a63
650 _aMalayalam Nadakam
942 _cBK
999 _c25428
_d25428